000 00349 a2200157 4500
001 152011
040 _cEscola São Tomás de Aquino
100 _aHALE, Shannon
240 1 0 _aum livro de contos
_lpor
245 1 0 _aum livro de contos
300 _a255
362 0 _a2015
440 1 _aSalamandra
697 _a*LITERATURA JUVENIL
942 _cBK
999 _c152011
_d152011